Allende. Visión de un militante

Uloženo v:
Podrobná bibliografie
Hlavní autor: Suárez Bastidas, Jaime (Autor)
Médium: Kniha
Jazyk:španělština
Vydáno: Santiago, Chile. Jurídica Cono Sur, 1992
Témata:
Tagy: Přidat tag
Žádné tagy, Buďte první, kdo vytvoří štítek k tomuto záznamu!

MARC

LEADER 00000nam a2200000 a 4500
001 UCH2452
003 CL-VaPUC
005 20240906145016.0
008 090611e1992 CL |||||||||||||||||spa|d
999 |c 433603  |d 433601 
020 |a 9789568018597 
040 |c Pontificia Universidad Católica de Valparaíso 
082 0 4 |a 923.183 SUA 1992  |2 21 
100 1 |a Suárez Bastidas, Jaime  |e author  |9 537272 
245 1 0 |a Allende.  |b Visión de un militante 
260 |a Santiago, Chile.  |b Jurídica Cono Sur,   |c 1992 
300 |a 191 páginas  
500 |a Donación Prof. Ricardo Iglesias S. Memo HIS/005 - 26-8-2021 
583 |a last modification  |c 20090611 00:00:00  |k Cristina María Rojas Aguilar 
600 0 |a Allende Gossens, Salvador,   |d 1908-1973  |9 257222 
650 0 |a Biografías  |9 255210 
650 7 |a REMINISCENCIAS  |2 CL-VaPUC  |9 321913 
650 0 |a Campañas políticas  |9 537273 
651 7 |a CHILE  |2 CL-VaPUC  |9 537274 
942 |c BK  |2 ddc 
952 |0 0  |1 0  |2 ddc  |4 0  |6 923_183000000000000_SUA_1992  |7 0  |8 A  |9 578878  |a BIBHIS  |b BIBHIS  |d 2021-09-23  |i 5624010  |o 923.183 SUA 1992  |p 5624010  |r 2025-01-20  |t 1  |w 2021-09-23  |y BK  |k HIS